Sports Quiz

Random Sports or Board Games Quiz

British olympic gold medals 2008 Quiz Stats

Quiz not verified by Sporcle

Challenge
Share
Tweet
Embed
Score 0/19 Timer 06:00
0 Plays Today
Event Athletes % Correct
Men's Track Cycling SprintChris Hoy
97.7%
Men's Track Cycling Team SprintChris Hoy, Jason Kenny, Jamie Staff
97.7%
Men's Track Cycling KeirinChris Hoy
97.7%
Women's 400m Freestyle SwimmingRebecca Adlington
86.9%
Women's 800m Freestyle SwimmingRebecca Adlington
86.9%
Men's Track Cycling Individual PursuitBradley Wiggins
79.4%
Men's Track Cycling Team PursuitEdward Clancy, Paul Manning, Geraint Thomas, Bradley Wiggins
79.4%
Women's Track Cycling SprintVictoria Pendleton
78.3%
Men's Sailing Single-handed Dinghy (Finn)Ben Ainslie
64.6%
Women's Track Cycling Individual PursuitRebecca Romero
58.3%
Event Athletes % Correct
Men's Middleweight boxing (71-75kg) James DeGale
56%
Women's Road Cycling Mass StartNicole Cooke
54.9%
Women's 400mChristine Ohuruogu
39.4%
Men's Rowing FoursTom James, Peter Reed, Andy Triggs-Hodge, Steve Williams
36.6%
Men's Flatwater K1 1000mTim Brabants
36%
Men's Rowing Double Skull (Lightweight)Mark Hunter, Zac Purchase
24%
Men's Sailing Keelboat (Star)Iain Percy, Andrew Simpson
20.6%
Women's Sailing Keelboat (Yngling)Sarah Webb, Sarah Ayton, Pippa Wilson
14.9%
Men's Sailing Team/Single-handed Dinghy (Laser)Paul Goodison
12%

You're not logged in!

Compare scores with friends on all Sporcle quizzes.
Join for Free
OR
Log In

You Might Also Like...

Show Comments

Extras

Top Quizzes Today


Score Distribution

Your Account Isn't Verified!

In order to create a playlist on Sporcle, you need to verify the email address you used during registration. Go to your Sporcle Settings to finish the process.

Report this User

Report this user for behavior that violates our Community Guidelines.

Details: